| 000 | 00594nam a22002051 4500 | ||
|---|---|---|---|
| 008 | |||
| 049 | _aMAIN | ||
| 090 |
_aQC21 _bMOD |
||
| 100 | 1 | _aRichards, James A. | |
| 245 | 1 | 0 |
_aModern university physics / _cby James A. Richards... [et al.]. |
| 260 |
_aReading, Mass., _bAddison-Wesley Pub. Co. _c[1960] |
||
| 300 |
_a1004 p. _bill. _c24 cm. |
||
| 440 | 0 | _aAddison-Wesley series in physics | |
| 650 | 0 | _aPhysics. | |
| 907 |
_a.b10058461 _b23-04-12 _c17-04-03 |
||
| 003 | |||
| 005 | 20230123133644.0 | ||
| 040 | _cNUST | ||
| 942 |
_cBOOKS _kQC21 _mMOD |
||
| 999 |
_c152349 _d152349 |
||